<?xml version="1.0" encoding="UTF-8"?><?xml-stylesheet type="text/xsl" href="static/style.xsl"?><OAI-PMH xmlns="http://www.openarchives.org/OAI/2.0/" xmlns:xsi="http://www.w3.org/2001/XMLSchema-instance" xsi:schemaLocation="http://www.openarchives.org/OAI/2.0/ http://www.openarchives.org/OAI/2.0/OAI-PMH.xsd"><responseDate>2026-04-13T05:42:06Z</responseDate><request verb="GetRecord" identifier="oai:www.recercat.cat:10256/27100" metadataPrefix="marc">https://recercat.cat/oai/request</request><GetRecord><record><header><identifier>oai:recercat.cat:10256/27100</identifier><datestamp>2025-11-26T02:15:51Z</datestamp><setSpec>com_2072_452966</setSpec><setSpec>com_2072_2054</setSpec><setSpec>col_2072_452968</setSpec></header><metadata><record xmlns="http://www.loc.gov/MARC21/slim" xmlns:dcterms="http://purl.org/dc/terms/" xmlns:xsi="http://www.w3.org/2001/XMLSchema-instance" xmlns:doc="http://www.lyncode.com/xoai" xsi:schemaLocation="http://www.loc.gov/MARC21/slim http://www.loc.gov/standards/marcxml/schema/MARC21slim.xsd">
   <leader>00925njm 22002777a 4500</leader>
   <datafield ind2=" " ind1=" " tag="042">
      <subfield code="a">dc</subfield>
   </datafield>
   <datafield ind2=" " ind1=" " tag="720">
      <subfield code="a">Molist Seguranyes, Magalí</subfield>
      <subfield code="e">author</subfield>
   </datafield>
   <datafield ind2=" " ind1=" " tag="260">
      <subfield code="c">2025-06-05</subfield>
   </datafield>
   <datafield ind2=" " ind1=" " tag="520">
      <subfield code="a">El dossier “Moda ràpida: el preu real del consum immediat” està específicament preparat per ser publicat a Vanguardia Dossier, una publicació trimestral que desenvolupa temes socials i internacionals de manera monogràfica. &#xd;
El tema del dossier s’enfoca principalment en les conseqüències ecològiques i humanes vinculades a la moda ràpida, també coneguda com a “fast fashion”. Està enfocat, principalment, a un públic jove, ja que és un &#xd;
sector que ha crescut amb un model de consum de roba molt diferent de generacions anteriors. Està, sobretot, enfocat per servir com una reflexió sobre les conseqüències de comprar una gran quantitat de roba a preu barat i sense conèixer-ne la precedència.&#xd;
Darrere cada peça de roba hi ha un preu humà i ecològic que moltes vegades no es té present. L’objectiu del dossier és informar el lector i donar-li eines per poder adaptar noves accions a l’hora de consumir moda.&#xd;
A partir de les peces periodístiques, el lector pot obtenir una visió general i més específica de diferents factors que determinen el cost real del consum actual de roba</subfield>
   </datafield>
   <datafield ind2=" " ind1=" " tag="520">
      <subfield code="a">7</subfield>
   </datafield>
   <datafield ind2=" " ind1=" " tag="520">
      <subfield code="a">8</subfield>
   </datafield>
   <datafield ind2=" " ind1=" " tag="520">
      <subfield code="a">10</subfield>
   </datafield>
   <datafield ind2=" " ind1=" " tag="520">
      <subfield code="a">12</subfield>
   </datafield>
   <datafield ind2=" " ind1=" " tag="520">
      <subfield code="a">13</subfield>
   </datafield>
   <datafield tag="653" ind2=" " ind1=" ">
      <subfield code="a">Moda</subfield>
   </datafield>
   <datafield tag="653" ind2=" " ind1=" ">
      <subfield code="a">Fashion</subfield>
   </datafield>
   <datafield tag="653" ind2=" " ind1=" ">
      <subfield code="a">Indústria de la confecció</subfield>
   </datafield>
   <datafield tag="653" ind2=" " ind1=" ">
      <subfield code="a">Clothing trade</subfield>
   </datafield>
   <datafield tag="653" ind2=" " ind1=" ">
      <subfield code="a">Consum responsable</subfield>
   </datafield>
   <datafield ind2="0" ind1="0" tag="245">
      <subfield code="a">Moda ràpida: el preu real del consum immediat</subfield>
   </datafield>
</record></metadata></record></GetRecord></OAI-PMH>